|
|
|
|
| LEADER |
00000nam a22000007a 4500 |
| 005 |
20190411120053.0 |
| 007 |
cr|||| |||| |
| 008 |
190411s2017 mx |||||s|||| 00||0 spa d |
| 020 |
|
|
|a 978-607-8156-69-6
|
| 035 |
|
|
|a 23140
|
| 040 |
|
|
|a vLex
|
| 090 |
|
|
|c 8596
|d 8596
|
| 245 |
0 |
0 |
|a Sistema de ciudades de Veracruz
|h [Recurso electrn̤ico] :
|b Crecimiento econm̤ico y combate a la pobreza
|
| 256 |
|
|
|a Servicio en ln̕ea
|
| 260 |
|
|
|a Veracruz:
|b Universidad de Xalapa,
|c 2017
|
| 300 |
|
|
|a 1 recurso electrn̤ico
|
| 506 |
1 |
|
|a Disponible solo en los productos indicados
|d vLex Global
|d vLex Global (Academic Edition, excluding Law Schools)
|d vLex Global (U.S. Academic Edition, Law Schools)
|d vLex Global (U.S. Academic Edition, excluding Law Schools)
|d vLex Global (Academic Edition, Law Schools)
|
| 650 |
0 |
4 |
|a Derecho Pb︢lico y Administrativo
|z Mx̌ico
|
| 740 |
0 |
|
|a vLex Libros (Servicio en ln̕ea)
|
| 856 |
4 |
0 |
|u http://vlex.com/source/sistema-de-ciudades-de-veracruz-crecimiento-economico-y-combate-a-la-pobreza-23140
|z Acceso restringido
|
| 942 |
|
|
|c BOOK
|
| 999 |
0 |
|
|a Public and Administrative Law
|